Ceza mahkemelerince yargılanacak vergi suçları ve cezaları (Record no. 374)

MARC details
000 -BAŞLIK
Sabit Uzunlukta Kontrol Alanı 00950na a2200265 4500
001 - KONTROL NUMARASI
Denetim Alanı 17097
003 - KONTROL NUMARASI IDENTIFIER
Denetim Alanı MIRAKIL
005 - SON İŞLEM TARİHİ VE ZAMANI
Denetim Alanı 20181213154747.0
008 - SABİT-BOY VERİ ELEMANLARI - GENEL BİLGİLER
Sabit Uzunlukta Kontrol Alanı 161022b tu 000 0
040 ## - KATALOGLAMA KAYNAK
Orijinal Kataloglama Ajansı Milas
Kataloglama Dili tur
Metne Dönüştürmek Ajansı TR-AnCHP
041 ## - DİL KODU
Metin / Ses Parça Veya Ayrı Başlığın Dil Kodu tur
082 ## - DEWEY ONLU SINIFLANDIRMA NUMARASI
Sınıflandırma Numarası 345.02330263
Ürün Numarası G95c 1991
090 ## - SINIFLAMA NUMARASI
Sınıflama Numarası 345.02330263 G95c 1991
100 ## - ANA GİRİŞ - KİŞİSEL İSİM
Kişisel Ad Gündel, Ahmet
245 ## - BAŞLIK TABLOSU
Başlık Ceza mahkemelerince yargılanacak vergi suçları ve cezaları
Sorumluluk Tablosu, Vb Ahmet Gündel
246 ## - UNVAN FORM VARYING
Başlık Doğru / Kısa Başlığı Vergi suçları ve cezaları
250 ## - EDITION TABLOSU
Baskı Beyanı 2. bs.
260 ## - YAYIN, DAĞITIM, VB
Yayın, Dağıtım, Vb Yeri Ankara
Yayıncı, Dağıtıcı, Vs Adı [yayl.y.]
Yayın, Dağıtım, Vb Tarihi 1991
300 ## - FİZİKSEL TANIM
Kapsam 421 s.
Boyutlar 24 sm.
500 ## - GENEL NOT
Genel Not Fatura, yazar kasa fişi, sevk irsaliyesi...düzenlememek sahte (naylon) fatura düzenlemek süresinde yazar kasa almamak ve benzeri fiiller
650 ## - KONU KATMA GİRİŞ - TOPİKAL DÖNEM
Topikal Süreli Veya Coğrafi Ad Giriş Elemanı Vergi suçları
Genel Alt Bölümü Kanunlar ve yönetmelikler
Coğrafi Alt Bölümü Türkiye
650 ## - KONU KATMA GİRİŞ - TOPİKAL DÖNEM
Topikal Süreli Veya Coğrafi Ad Giriş Elemanı Vergi hukuku
Genel Alt Bölümü Suçlar ve cezalar
Coğrafi Alt Bölümü Türkiye
650 ## - KONU KATMA GİRİŞ - TOPİKAL DÖNEM
Topikal Süreli Veya Coğrafi Ad Giriş Elemanı Vergi hukuku
Genel Alt Bölümü Kanunlar ve yönetmelikler
Coğrafi Alt Bölümü Türkiye
942 ## - EKLENDİ GİRİŞ ELEMANLARI (KOHA)
Sınıflandırma Veya Raf Düzeni Kaynak Dewey Decimal Classification
Koha Öğesi Türü Books
999 ## - SİSTEM KONTROL NUMARALARI (KOHA)
Koha Biblionumber 374
Koha Biblioitemnumber 374
Holdings
Kalıcı Konum Mevcut Konum Edinme Tarihi Edinim Kaynak Toplam Check-Out'Lar Tam Çağrı Numarası Barkod Tarih Son Görülme İtibaren Geçerli Fiyatlar Koha Öğesi Türü
CHP Kütüphanesi CHP Kütüphanesi 10/22/2016 Bağış   345.02330263 G95c 1991 005455 10/22/2016 10/22/2016 Books